| 000 | 01122nam a2200217Ia 4500 | ||
|---|---|---|---|
| 999 |
_c35751 _d35751 |
||
| 001 | 1630 | ||
| 003 | GE_BSU | ||
| 005 | 20190528151806.0 | ||
| 008 | 181216s2011||||ge |||||||||||||| ||geo|| | ||
| 020 | _a9789941412691 | ||
| 040 | _cGE_BSU | ||
| 041 | _ageo | ||
| 080 | _a574(479.223)(063)+330.34(479.223) ა–97 | ||
| 245 |
_aაჭარა–მდგრადი განვითარება და მომავალი : _bსტუდენტთა და ახალგაზრდა მეცნიერთა სამეცნიერო კონფერენციის მასალები 6–7ივნისი 2011 წელი / _cრედ.დავით ბარათაშვილი. |
||
| 264 |
_aბათუმი: _bშოთა რუსთავრ~ელის სახ. უნ–ტი, _c2011. |
||
| 300 |
_a201 გვ. ; _b19 სმ. |
||
| 653 | _aაჭარა | ||
| 653 | _aსამეცნიერო კონფერენციa | ||
| 700 |
_aბარათაშვილი, დავით _eრედაქტორი _91718 |
||
| 942 |
_cBK _2udc |
||